| 000 | 00722na a2200265 4500 | ||
|---|---|---|---|
| 001 | 12712 | ||
| 003 | MIRAKIL | ||
| 005 | 20181213154730.0 | ||
| 008 | 160922b tu 000 0 | ||
| 020 | _a9786051250625 | ||
| 035 | _a12712 | ||
| 040 |
_aMilas _btur _cTR-AnCHP |
||
| 082 |
_a297.01 _bA44 2010 |
||
| 090 | _a297.01 A44 2010 | ||
| 245 |
_aAllah katında hak din İslam'dır (s.3 - Â.19) _chazırlayan Rüştü Sümer |
||
| 250 | _a2. bs. | ||
| 260 |
_aİstanbul _b[yayl. y.] _c2010 _fMart matbaa |
||
| 300 |
_a78 s. _c21 sm. |
||
| 650 | _aİslam inancı | ||
| 650 | _aKur'an'ı Kerim | ||
| 650 |
_aHak dinler _xİslam |
||
| 650 |
_aİlahi dinler _xİslam |
||
| 700 | _aSümer, Rüştü | ||
| 942 |
_2dcc _cBKS |
||
| 999 |
_c19 _d19 |
||